<?xml version="1.0" encoding="UTF-8"?>
<record
    xmlns:xsi="http://www.w3.org/2001/XMLSchema-instance"
    xsi:schemaLocation="http://www.loc.gov/MARC21/slim http://www.loc.gov/standards/marcxml/schema/MARC21slim.xsd"
    xmlns="http://www.loc.gov/MARC21/slim">

  <leader>01395nam a22002417a 4500</leader>
  <controlfield tag="003">NALT</controlfield>
  <controlfield tag="005">20250716132426.0</controlfield>
  <controlfield tag="008">210329b        th ||||| |||| 00| 0 tha d</controlfield>
  <datafield tag="040" ind1=" " ind2=" ">
    <subfield code="a">NALT</subfield>
  </datafield>
  <datafield tag="090" ind1=" " ind2=" ">
    <subfield code="a">ELR 115/2 2564</subfield>
  </datafield>
  <datafield tag="100" ind1="0" ind2=" ">
    <subfield code="9">51252</subfield>
    <subfield code="a">&#xE01;&#xE0A;&#xE01;&#xE23; &#xE08;&#xE31;&#xE19;&#xE17;&#xE23;&#xE4C;&#xE40;&#xE1E;&#xE47;&#xE0D;</subfield>
  </datafield>
  <datafield tag="245" ind1="1" ind2="0">
    <subfield code="a">&#xE41;&#xE19;&#xE27;&#xE17;&#xE32;&#xE07;&#xE01;&#xE32;&#xE23;&#xE27;&#xE34;&#xE40;&#xE04;&#xE23;&#xE32;&#xE30;&#xE2B;&#xE4C;&#xE40;&#xE1E;&#xE37;&#xE48;&#xE2D;&#xE01;&#xE33;&#xE2B;&#xE19;&#xE14;&#xE15;&#xE33;&#xE41;&#xE2B;&#xE19;&#xE48;&#xE07;&#xE41;&#xE25;&#xE30;&#xE2A;&#xE32;&#xE22;&#xE07;&#xE32;&#xE19;&#xE02;&#xE2D;&#xE07;&#xE2A;&#xE48;&#xE27;&#xE19;&#xE23;&#xE32;&#xE0A;&#xE01;&#xE32;&#xE23;&#xE2A;&#xE31;&#xE07;&#xE01;&#xE31;&#xE14;&#xE23;&#xE31;&#xE10;&#xE2A;&#xE20;&#xE32; /</subfield>
    <subfield code="c">&#xE01;&#xE0A;&#xE01;&#xE23; &#xE08;&#xE31;&#xE19;&#xE17;&#xE23;&#xE4C;&#xE40;&#xE1E;&#xE47;&#xE0D;.</subfield>
  </datafield>
  <datafield tag="246" ind1="3" ind2="0">
    <subfield code="a">&#xE02;&#xE49;&#xE2D;&#xE40;&#xE2A;&#xE19;&#xE2D;&#xE41;&#xE19;&#xE27;&#xE04;&#xE34;&#xE14;&#xE43;&#xE19;&#xE01;&#xE32;&#xE23;&#xE1B;&#xE23;&#xE31;&#xE1A;&#xE1B;&#xE23;&#xE38;&#xE07;&#xE2B;&#xE23;&#xE37;&#xE2D;&#xE1E;&#xE31;&#xE12;&#xE19;&#xE32;&#xE07;&#xE32;&#xE19;</subfield>
  </datafield>
  <datafield tag="260" ind1=" " ind2=" ">
    <subfield code="a">&#xE01;&#xE23;&#xE38;&#xE07;&#xE40;&#xE17;&#xE1E;&#xE2F; :</subfield>
    <subfield code="b">&#xE2A;&#xE33;&#xE19;&#xE31;&#xE01;&#xE07;&#xE32;&#xE19;&#xE40;&#xE25;&#xE02;&#xE32;&#xE18;&#xE34;&#xE01;&#xE32;&#xE23;&#xE2A;&#xE20;&#xE32;&#xE1C;&#xE39;&#xE49;&#xE41;&#xE17;&#xE19;&#xE23;&#xE32;&#xE29;&#xE0E;&#xE23;,</subfield>
    <subfield code="c">2564.</subfield>
  </datafield>
  <datafield tag="300" ind1=" " ind2=" ">
    <subfield code="a">72 &#xE2B;&#xE19;&#xE49;&#xE32; :</subfield>
    <subfield code="b">&#xE15;&#xE32;&#xE23;&#xE32;&#xE07; ;</subfield>
    <subfield code="c">29 &#xE0B;&#xE21;.</subfield>
  </datafield>
  <datafield tag="650" ind1=" " ind2="0">
    <subfield code="a">&#xE01;&#xE32;&#xE23;&#xE1A;&#xE23;&#xE34;&#xE2B;&#xE32;&#xE23;&#xE07;&#xE32;&#xE19;&#xE1A;&#xE38;&#xE04;&#xE04;&#xE25;</subfield>
    <subfield code="x">&#xE2A;&#xE48;&#xE27;&#xE19;&#xE23;&#xE32;&#xE0A;&#xE01;&#xE32;&#xE23;&#xE2A;&#xE31;&#xE07;&#xE01;&#xE31;&#xE14;&#xE23;&#xE31;&#xE10;&#xE2A;&#xE20;&#xE32;</subfield>
    <subfield code="9">17437</subfield>
  </datafield>
  <datafield tag="650" ind1=" " ind2="0">
    <subfield code="a">&#xE02;&#xE49;&#xE32;&#xE23;&#xE32;&#xE0A;&#xE01;&#xE32;&#xE23;&#xE23;&#xE31;&#xE10;&#xE2A;&#xE20;&#xE32;&#xE2A;&#xE32;&#xE21;&#xE31;&#xE0D;</subfield>
    <subfield code="x">&#xE01;&#xE32;&#xE23;&#xE08;&#xE33;&#xE41;&#xE19;&#xE01;&#xE15;&#xE33;&#xE41;&#xE2B;&#xE19;&#xE48;&#xE07;</subfield>
    <subfield code="9">51334</subfield>
  </datafield>
  <datafield tag="850" ind1=" " ind2=" ">
    <subfield code="a">NALT</subfield>
  </datafield>
  <datafield tag="856" ind1="4" ind2="0">
    <subfield code="u">https://hdl.handle.net/20.500.14156/2003594</subfield>
  </datafield>
  <datafield tag="942" ind1=" " ind2=" ">
    <subfield code="c">IS</subfield>
    <subfield code="2">local</subfield>
  </datafield>
  <datafield tag="996" ind1=" " ind2=" ">
    <subfield code="a">kanyakorn.i</subfield>
    <subfield code="b">LIBSTF</subfield>
    <subfield code="c">2025-07-16</subfield>
  </datafield>
  <datafield tag="999" ind1=" " ind2=" ">
    <subfield code="c">98210</subfield>
    <subfield code="d">98210</subfield>
  </datafield>
  <datafield tag="998" ind1=" " ind2=" ">
    <subfield code="j">9013</subfield>
    <subfield code="k"> &#xE01;&#xE31;&#xE25;&#xE22;&#xE01;&#xE23; &#xE2D;&#xE34;&#xE48;&#xE21;&#xE2A;&#xE32;&#xE22;</subfield>
  </datafield>
  <datafield tag="952" ind1=" " ind2=" ">
    <subfield code="0">0</subfield>
    <subfield code="1">0</subfield>
    <subfield code="2">local</subfield>
    <subfield code="4">0</subfield>
    <subfield code="7">0</subfield>
    <subfield code="8">CIS</subfield>
    <subfield code="a">NALT</subfield>
    <subfield code="b">NALT</subfield>
    <subfield code="c">GOV</subfield>
    <subfield code="d">2021-03-29</subfield>
    <subfield code="l">7</subfield>
    <subfield code="m">4</subfield>
    <subfield code="o">ELR 115/2 2564</subfield>
    <subfield code="p">3961211823</subfield>
    <subfield code="r">2024-02-02 00:00:00</subfield>
    <subfield code="s">2024-02-01</subfield>
    <subfield code="w">2021-03-29</subfield>
    <subfield code="y">IS</subfield>
  </datafield>
</record>
